[Event "ESP-ch 88th"]
[Site "Marbella"]
[Date "2023.10.21"]
[Round "9"]
[White "Sanleon Pravisano, Nieves"]
[Black "Buijs Martin, Urtzi"]
[Result "1-0"]
[WhiteElo "2028"]
[BlackElo "2030"]
[PlyCount "104"]
[EventDate "2023.10.13"]
[EventType "swiss"]
[EventRounds "9"]
[EventCountry "ESP"]
[SourceTitle "Mega2024 Update 01"]
[Source "Chessbase"]
[SourceDate "2023.11.12"]
[SourceVersion "1"]
[SourceVersionDate "2023.11.12"]
[SourceQuality "1"]

1. c4 Nf6 2. Nc3 g6 3. Nf3 Bg7 4. e4 d6 5. d4 0-0 6. Be2 e5 7. 0-0 Nc6 8. d5 Ne7 9. Ne1 Ne8 10. Be3 f5 11. f3 f4 12. Bf2 g5 13. g4 Kf7 14. Nd3 h5 15. h3 Rh8 16. c5 Ng6 17. Kg2 Nh4+ 18. Bxh4 gxh4 19. b4 Rh6 20. Rb1 Rg6 21. Kh2 Nf6 22. Rg1 Bh6 23. Nf2 Qe7 24. cxd6 cxd6 25. Rb3 Qd8 26. a4 Qb6 27. Rg2 hxg4 28. hxg4 h3 29. Nxh3 Bxg4 30. fxg4 f3 31. Bxf3 Rh8 32. Ne2 Be3 33. a5 Bf2 34. Rg3 Bxg3+ 35. Kxg3 Rxh3+ 36. Kxh3 Qf2 37. Qc1 Nh7 38. Qc7+ Kg8 39. Qd8+ Kg7 40. Qe7+ Kh8 41. Qh4 Qf1+ 42. Kh2 Rf6 43. Ng3 Qf2+ 44. Bg2 Qf4 45. Kg1 Qf2+ 46. Kh2 Qf4 47. Kg1 Qf2+ 48. Kh1 Kg8 49. Rb1 Qd2 50. Rf1 Rh6 51. Nh5 Ng5 52. Qf2 Kh8 1-0

[Event "Roquetas de Mar op 33rd"]
[Site "Roquetas de Mar"]
[Date "2022.01.04"]
[Round "1"]
[White "Popovic, Dusan"]
[Black "Buijs Martin, Urtzi"]
[Result "1-0"]
[WhiteElo "2468"]
[BlackElo "2021"]
[PlyCount "77"]
[EventDate "2022.01.04"]
[EventType "swiss"]
[EventRounds "9"]
[EventCountry "ESP"]
[SourceTitle "EXT 2023"]
[Source "ChessBase"]
[SourceDate "2022.10.05"]
[SourceVersion "1"]
[SourceVersionDate "2022.10.05"]
[SourceQuality "1"]

1. e4 c5 2. Nf3 Nc6 3. Bb5 g6 4. 0-0 Bg7 5. Re1 e5 6. b4 Nd4 7. Bc4 d5 8. exd5 Bg4 9. Be2 Nxe2+ 10. Qxe2 Bxf3 11. Qxf3 Ne7 12. Bb2 cxb4 13. Bxe5 0-0 14. c4 Nf5 15. Bxg7 Kxg7 16. d3 Qg5 17. Qd1 Nh4 18. g3 Rfe8 19. Re4 Rxe4 20. dxe4 Nf3+ 21. Qxf3 Qc1+ 22. Kg2 Qb2 23. e5 Qxa1 24. Qf6+ Kg8 25. Nd2 Qxa2 26. e6 fxe6 27. Qxe6+ Kh8 28. Qe5+ Kg8 29. Ne4 Rf8 30. Qe6+ Kg7 31. Qe5+ Kg8 32. Qe6+ Kg7 33. d6 Qb2 34. d7 Qd4 35. Qe7+ Kg8 36. Nf6+ Qxf6 37. Qxf6 Rxf6 38. d8Q+ Kg7 39. Qe7+ 1-0

[Event "Malaga op 15th"]
[Site "Malaga"]
[Date "2021.10.29"]
[Round "2"]
[White "Buijs Martin, Urtzi"]
[Black "Martinez Ramirez, Lennis"]
[Result "0-1"]
[WhiteElo "1996"]
[BlackElo "2458"]
[PlyCount "90"]
[EventDate "2021.10.29"]
[EventType "swiss"]
[EventRounds "7"]
[EventCountry "ESP"]
[SourceTitle "CBM 204 Extra"]
[Source "ChessBase"]
[SourceDate "2021.11.30"]
[SourceVersion "1"]
[SourceVersionDate "2021.11.30"]
[SourceQuality "1"]

1. e4 Nf6 2. e5 Nd5 3. Qf3 Nb6 4. Qg3 Nc6 5. Nf3 g6 6. h4 h6 7. d4 d6 8. Bd3 Nb4 9. Nc3 Nxd3+ 10. cxd3 Bf5 11. 0-0 Qd7 12. a4 e6 13. a5 Nd5 14. Nxd5 exd5 15. exd6 cxd6 16. Re1+ Be7 17. Bf4 Rd8 18. h5 g5 19. Nxg5 hxg5 20. Bxg5 Be6 21. f4 Rxh5 22. Qf3 Rxg5 23. fxg5 Bxg5 24. Qh5 Bf6 25. Ra4 Qxa4 26. Rxe6+ Be7 27. Re2 Qxd4+ 28. Rf2 Kd7 29. Qf5+ Kc6 30. Kf1 Kb5 31. Rf4 Qe5 32. Qg4 Rh8 33. g3 Qxb2 34. Rf2 Rh1+ 35. Kg2 Rh2+ 36. Kxh2 Qxf2+ 37. Kh3 f5 38. Qg8 Qf1+ 39. Kh2 Qe2+ 40. Kh1 Qe5 41. Qe8+ Ka6 42. d4 Qe4+ 43. Kh2 f4 44. gxf4 Qxf4+ 45. Kg2 Qxd4 0-1